<?xml version="1.0" encoding="UTF-8"?>
<marc:record xmlns:marc="http://www.loc.gov/MARC21/slim">
   <marc:leader>00000nam a2200000 a 4500</marc:leader>
   <marc:datafield ind1="1" ind2=" " tag="100">
      <marc:subfield code="a">Schroeder, Renée</marc:subfield>
      <marc:subfield code="4">aut</marc:subfield>
      <marc:subfield code="e">Verfasser/-in</marc:subfield>
   </marc:datafield>
   <marc:datafield ind1="0" ind2="0" tag="245">
      <marc:subfield code="a">Wie Wildkräuter wirken</marc:subfield>
   </marc:datafield>
   <marc:datafield ind1="0" ind2="0" tag="245">
      <marc:subfield code="b">Wie wir die Heilkraft der Pflanzen nutzen können und was die Wissenschaft dazu weiß</marc:subfield>
   </marc:datafield>
   <marc:datafield ind1=" " ind2="1" tag="264">
      <marc:subfield code="b">Kneipp Verlag in Verlagsgruppe Styria GmbH &amp; Co. KG</marc:subfield>
      <marc:subfield code="c">2025</marc:subfield>
   </marc:datafield>
   <marc:datafield ind1="1" ind2=" " tag="520">
      <marc:subfield code="a">Die Oma behauptet immer, dass die Brennnessel ihr gegen Bluthochdruck hilft? Wir wissen endlich: Sie hat recht! Denn Renée Schroeder, Biochemikerin, pensionierte Professorin und Kräuterliebhaberin, durchforstet mit Leidenschaft wissenschaftliche Datenbanken nach den neuesten Studien und Erkenntnissen zur Heilwirkung von Wildkräutern und Heilpflanzen. In diesem Buch entdecken wir, wie Wildkräuter wirken, wie ihre Wirkstoffe extrahiert werden und wie wir unkompliziert Cremes, Oxymele und Auszüge für unsere Gesundheit herstellen. Und all dies wissenschaftlich belegt. Im besten Kneipp’schen Sinne: Jeder Mensch kann sich seine eigene Heilkräuterapotheke zusammenstellen. Einfach, zugänglich und evidenzbasiert.</marc:subfield>
   </marc:datafield>
   <marc:datafield ind1=" " ind2=" " tag="020">
      <marc:subfield code="a">9783708808611</marc:subfield>
      <marc:subfield code="9">9783708808611</marc:subfield>
   </marc:datafield>
</marc:record>
